Statistics for Donny Osmond Filmography

Click here to take the quiz!

General Stats

  • This quiz has been taken 12 times
    (8 since last reset)
  • The average score is 14 of 137

Answer Stats

TypeYearName% Correct
TV Show1997-2000Donny & Marie
80%
Theater2010-2011Donny & Marie
80%
TV Show1975-1979Donny and Marie
80%
TV Show1972The Osmonds
80%
TV Show1976Andy
60%
TV Show2007-2018Dancing with the Stars
60%
Film1978Goin' Coconuts
60%
Commercial1981Hawaiian Punch
60%
TV Show2002-2004Pyramid
60%
Theater2006-2007Beauty and the Beast
40%
Concert Film2003Donny Osmond: Live
40%
TV Show2004Friends
40%
TV Show1972Here's Lucy
40%
TV Show1997, 2001, 2003, 2004Johnny Bravo
40%
Film1999Joseph and the Amazing Technicolor Dreamcoat
40%
Theater1982Little Johnny Jones
40%
Film1998Mulan
40%
Commercial2003Pepsi
40%
TV Show1968The Jerry Lewis Show
40%
TV Show1970The Magical World of Disney
40%
TV Show2019, 2022The Masked Singer
40%
TV Show2020The Masked Singer UK
40%
TV Show1974-1977The Mike Douglas Show
40%
TV Show1971American Bandstand
20%
Film2008College Road Trip
20%
TV Show2003Jeopardy!
20%
Documentary Series2012Marie
20%
TV Show1963-1966The Andy Williams Show
20%
TV Special1963The Andy Williams Special
20%
TV Show1980The Don Lane Show
20%
TV Show1980, 1982The Love Boat
20%
TV Show1976The Sonny and Cher Show
20%
TV Show1974, 1989The Tonight Show Starring Johnny Carson
20%
TV Show1972-1979, 1988Top of the Pops
20%
Documentary Series200620 to 1
0%
TV Documentary2002Afraid of People
0%
TV Show2006All My Children
0%
TV Show2005American Idol
0%
TV Special2002An Audience with Donny Osmond
0%
TV Special1974Andy Williams Presents
0%
TV Show2007Any Dream Will Do
0%
TV Show1982Barbara Mitchell and the Mandrell Sisters
0%
TV Show1972Beat-Club
0%
Documentary Series1999Behind the Music
0%
Documentary Series2003, 2008Biography
0%
TV Show1964Bob Hope Presents the Chrysler Theatre
0%
Film2006Bob the Builder: Built to Be Wild
0%
Documentary Series2000Celebrity Profile
0%
TV Show2021Celebrity Wheel of Fortune
0%
TV Show2023Claim to Fame
0%
TV Show1975Crackerjack!
0%
TV Show2023Criss Angel's Magic with the Stars
0%
Film2008CTU: Provo
0%
TV Show2000Daddio
0%
TV Show1999Diagnosis: Murder
0%
TV Show1973, 1974disco
0%
Video Game1998Disney's Animated Storybook: Mulan
0%
Theater2010-2011Donny & Marie - A Broadway Christmas
0%
Theater2011Donny & Marie - Christmas in Chicago
0%
Theater2012Donny & Marie - Christmas in Los Angeles
0%
Concert Film2004Donny Osmond: Live at Edinburgh Castle.
0%
Concert Film2017Donny Osmond - One Night Only!
0%
TV Special2001Donny Osmond: This Is the Moment
0%
TV Show2006Enough Rope with Andrew Denton
0%
TV Show2001Fear Factor
0%
TV Show2023Generation Gap
0%
TV Show1987Going Live!
0%
TV Show1998Great Performances
0%
TV Show2008Hannah Montana
0%
TV Show2007Happy Hour
0%
TV Show1999, 2003Hollywood Squares
0%
TV Show1980Horas Doradas
0%
TV Show2020I Can See Your Voice
0%
TV Show2007Identity
0%
TV Film2001Inside the Osmonds
0%
TV Show1969Jimmy Durante Presents the Lennon Sisters
0%
TV Show2006Las Vegas
0%
TV Show1984, 1987Live from Her Majesty's
0%
TV Show1999MADtv
0%
TV Show2001Making the Band
0%
TV Show1978Mel & Susan Together
0%
TV Show2000Movie Stars
0%
TV Show1979Multi-Coloured Swap Shop
0%
TV Show1974Musikladen
0%
TV Show2007Name That Tune
0%
TV Short1995Nilus the Sandman: The First Day
0%
TV Documentary1997Osmond Family Values
0%
Theater2021-2022Pantoland at the Palladium
0%
TV Show1991Parker Lewis Can't Lose
0%
TV Show2022Penn & Teller: Fool Us
0%
TV Show1980Pink Lady
0%
TV Special2008Rediscovered
0%
TV Show1987Sábado Noche
0%
TV Show2007Soapstar Superstar
0%
TV Show1995Space Ghost Coast to Coast
0%
Commercial2006Sprint
0%
TV Show2003Star Search
0%
TV Show2004, 2014Strictly Come Dancing
0%
Documentary Series2014Strictly Come Dancing: It Takes Two
0%
TV Show2022That's My Jam
0%
TV Special2008The 57th Annual Miss USA Pageant
0%
TV Special1971The Andy Williams Christmas Show
0%
TV Special1967The Andy Williams Christmas Show
0%
TV Special1968The Andy Williams Christmas Special
0%
TV Show1975The Basil Brush Show
0%
TV Show1971, 1975The Bob Hope Show
0%
TV Show1976The Brady Bunch Variety Hour
0%
TV Special2020The Disney Family Singalong
0%
Short Film1995The Dreamcoat Special
0%
TV Show1975The Ernie Sigley Show
0%
TV Show1970, 1971, 1972The Glen Campbell Goodtime Hour
0%
TV Show2022The Good Dish
0%
TV Show2007The Great American Dream Vote
0%
TV Show1975The Hollywood Squares
0%
TV Show2003The Jamie Kennedy Experiment
0%
TV Show1987The Kenny Everett Television Show
0%
TV Show1998, 2000The King of Queens
0%
TV Show2003, 2004The Kumars at No. 42
0%
TV Show1998The Larry Sanders Show
0%
TV Show1987The Last Resort
0%
TV Show1963, 1964The Lawrence Welk Show
0%
TV Show1974, 1975The Mac Davis Show
0%
TV Special1980The Osmond Family Christmas Special
0%
Concert Film2008The Osmonds 50th Anniversary Reunion
0%
TV Special1979The Osmonds at the Ohio State Fair
0%
TV Show2007The Pyramid Game
0%
TV Show1972The Reg Varney Revue
0%
TV Film1982The Wild Women of Chastity Gulch
0%
Theater2017The Will Rogers Follies - A Life in Review
0%
TV Show1986Throb
0%
TV Show1988UP2U
0%
Film2001Ushi Says: Hi!
0%
Documentary Series2000, 2002VH-1 Where Are They Now?
0%
TV Show1999V.I.P.
0%
TV Show1998, 2002, 2021Wheel of Fortune
0%
TV Show2016Who Wants to Be a Millionaire
0%
TV Show2013Your Face Sounds Familiar
0%

Score Distribution

Percentile by Number Answered

Percent of People with Each Score

Your Score History

You have not taken this quiz since the last reset